[Event "SLO-ch U14"]
[Site "Postojna"]
[Date "2008.02.27"]
[Round "5"]
[White "Jurca, Vital"]
[Black "Ivancic, Kristjan"]
[Result "0-1"]
[WhiteElo "1500"]
[BlackElo "1500"]
[PlyCount "53"]
[EventDate "2008.02.24"]
[EventType "swiss"]
[EventRounds "9"]
[EventCountry "SLO"]
[SourceTitle "EXT 2010"]
[Source "ChessBase"]
[SourceDate "2010.11.25"]
[SourceVersion "1"]
[SourceVersionDate "2010.11.25"]
[SourceQuality "1"]

1. d4 d5 2. c4 c6 3. Nf3 Nf6 4. e3 Bf5 5. Nc3 e6 6. Bd3 dxc4 7. Bxc4 Bb4 8. 0-0 h5 9. Bd3 Bg4 10. Be2 0-0 11. a3 Ba5 12. Ne5 Bxe2 13. Qxe2 Bc7 14. h3 Qd6 15. Qf3 Nbd7 16. Qf4 Nxe5 17. dxe5 Qxe5 18. Qxe5 Bxe5 19. e4 Nd7 20. Bd2 Nf6 21. f3 Rfd8 22. Rad1 Rd7 23. Bg5 Rad8 24. g4 Bxc3 25. bxc3 Rxd1 26. Kg2 Rxf1 27. Kxf1 0-1

[Event "SLO-ch U14"]
[Site "Postojna"]
[Date "2008.02.26"]
[Round "3"]
[White "Ivancic, Kristjan"]
[Black "Grah, Matej"]
[Result "0-1"]
[WhiteElo "1500"]
[BlackElo "1516"]
[PlyCount "134"]
[EventDate "2008.02.24"]
[EventType "swiss"]
[EventRounds "9"]
[EventCountry "SLO"]
[SourceTitle "EXT 2010"]
[Source "ChessBase"]
[SourceDate "2010.11.25"]
[SourceVersion "1"]
[SourceVersionDate "2010.11.25"]
[SourceQuality "1"]

1. e4 e5 2. Nf3 Nc6 3. Nc3 Nf6 4. Bb5 d6 5. d3 Be7 6. Nd5 Bd7 7. Nxe7 Nxe7 8. Bxd7+ Qxd7 9. Bd2 0-0 10. Qe2 Qb5 11. 0-0-0 Nd7 12. h4 f5 13. h5 fxe4 14. Qxe4 Nf6 15. Qe1 Qd5 16. Kb1 h6 17. c3 Qxd3+ 18. Kc1 Qe4 19. Qf1 Qf5 20. Qc4+ Nfd5 21. Be3 Qf7 22. Nh4 Nxe3 23. Qxf7+ Rxf7 24. fxe3 Raf8 25. Kc2 Nf5 26. Nxf5 Rxf5 27. Rh2 Rg5 28. Rg1 Rff5 29. g4 Rf3 30. Kd2 e4 31. c4 Rc5 32. b3 Kf7 33. Re2 d5 34. Kc3 dxc4 35. Kd4 Rc6 36. Kxe4 Rff6 37. bxc4 Rxc4+ 38. Kd5 Rcc6 39. e4 Rfd6+ 40. Ke5 Rc5+ 41. Kf4 Rf6+ 42. Kg3 Re5 43. Rc1 c5 44. Rb1 b6 45. a4 c4 46. Rc1 Rc6 47. Kf4 Ke6 48. Rec2 Rec5 49. e5 a6 50. Ke4 Rxe5+ 51. Kd4 Rec5 52. Rxc4 Rxc4+ 53. Rxc4 Rxc4+ 54. Kxc4 Kd6 55. Kd4 b5 56. axb5 axb5 57. Ke4 b4 58. Kf5 b3 59. Kg6 b2 60. Kxg7 b1Q 61. Kxh6 Ke6 62. g5 Kf7 63. g6+ Kg8 64. Kg5 Qc1+ 65. Kf5 Kg7 66. Ke6 Qh6 67. Ke7 Qxh5 0-1

[Event "SLO-ch U14"]
[Site "Postojna"]
[Date "2008.02.24"]
[Round "1"]
[White "Skvorc, Ziga"]
[Black "Ivancic, Kristjan"]
[Result "0-1"]
[WhiteElo "1559"]
[BlackElo "1500"]
[PlyCount "126"]
[EventDate "2008.02.24"]
[EventType "swiss"]
[EventRounds "9"]
[EventCountry "SLO"]
[SourceTitle "EXT 2010"]
[Source "ChessBase"]
[SourceDate "2010.11.25"]
[SourceVersion "1"]
[SourceVersionDate "2010.11.25"]
[SourceQuality "1"]

1. e4 d5 2. exd5 Qxd5 3. Nc3 Qa5 4. d4 Nf6 5. Nf3 e6 6. Bd2 c6 7. Bc4 Be7 8. Nd5 Qd8 9. Nxe7 Qxe7 10. a3 b5 11. Bb4 Qc7 12. Bd3 Na6 13. Bc3 0-0 14. Ng5 h6 15. Nf3 Bb7 16. Qe2 Nd5 17. Bd2 Nf4 18. Bxf4 Qxf4 19. a4 Nc7 20. axb5 cxb5 21. Bxb5 Bxf3 22. gxf3 Nxb5 23. Qxb5 Qxf3 24. Rg1 Qe4+ 25. Qe2 Qxd4 26. c3 Qb6 27. h4 Qc7 28. h5 Rad8 29. Qg4 Qe5+ 30. Kf1 Rd2 31. Qf3 Rfd8 32. Rxa7 Rd1+ 33. Kg2 Qg5+ 34. Qg3 Qxg3+ 35. fxg3 R8d2+ 36. Kh1 Rxg1+ 37. Kxg1 Rxb2 38. c4 Rc2 39. Ra8+ Kh7 40. Rc8 g6 41. hxg6+ Kxg6 42. c5 Kf6 43. c6 Ke7 44. c7 Kd7 45. Rf8 Rxc7 46. Rxf7+ Kd6 47. Rf6 Rh7 48. Kf2 Kd5 49. Rg6 e5 50. Ke3 h5 51. Rg8 h4 52. g4 h3 53. Rd8+ Kc6 54. Rd1 h2 55. Rh1 Kd5 56. Rd1+ Ke6 57. Rh1 Kf6 58. Kf3 Kg5 59. Kg3 e4 60. Rxh2 Rxh2 61. Kxh2 Kxg4 62. Kg2 e3 63. Kg1 Kg3 0-1